000 00407nam a2200169Ia 4500
005 20250304005230.0
008 240331s9999 xx 000 0 und d
082 _bSEN
_a954
100 _aSeneviratne, M
245 0 _aSome facets of Sri Lanka
260 _aColombo
_bSwastika (Pvt) Ltd
_c1985
300 _a79 p .,
650 _aAncient Sri Lanka
650 _aHistory
650 _aTourism
942 _cL
999 _c3535
_d3535